Parcs naturals : pas a pas / pas a pas /
ISBN:
978-84-9803-430-1
Descripción Física:
397 pàgines : il·lustracions en color ; 25 cm
MARC
| LEADER | 00000nam a2200000Ia 4500 | ||
|---|---|---|---|
| 001 | 23119 | ||
| 008 | 160829s2011 xx 000 0 cat d | ||
| 017 | |a DL S-444-2011 | ||
| 020 | |a 978-84-9803-430-1 | ||
| 080 | |a C-3-347 | ||
| 110 | 1 | |a Barcelona (Catalunya : Província). |b Xarxa de Parcs Naturals |9 7250 | |
| 245 | |a Parcs naturals : |b pas a pas / |c Xarxa de Parcs Naturals de la Diputació de Barcelona ; text de Xavier Moret ; fotografies d'Antoni Canela | ||
| 250 | |a Primera edició | ||
| 260 | |a Barcelona : |b Diputació de Barcelona, |c abril de 2011 | ||
| 300 | |a 397 pàgines : |b il·lustracions en color ; |c 25 cm | ||
| 590 | |a L'edició és un obsequi de la Diputació de Barcelona als treballadors de la Diputació de Barcelona amb motiu de la diada de Sant Jordi. | ||
| 590 | |a Hi ha un versió en castellà i en anglès a: www.diba.cat/pasapas | ||
| 610 | 1 | 0 | |a Barcelona (Catalunya : Província). |b Xarxa de Parcs Naturals |9 7250 |
| 650 | 0 | |a Parcs Naturals |z Barcelona (Catalunya : Província) |9 49557 | |
| 700 | |a Moret, Xavier |9 40908 |e autor | ||
| 700 | |a Canela, Antoni |9 40909 |e fotografies | ||
| 710 | 1 | |a Barcelona (Catalunya : Província). |b Xarxa de Parcs Naturals |9 7250 | |
| 901 | |a Arxiu | ||
| 942 | |n 1 |2 udc | ||
| 952 | |0 0 |1 0 |4 0 |6 C3347 |7 1 |9 49957 |a Arxiu |b Arxiu |d 2016-12-01 |l 0 |o C-3-347 |p 23119 |r 2016-12-01 00:00:00 |w 2016-12-01 |y ARXIU | ||
| 952 | |0 0 |1 0 |4 0 |6 PDL |7 1 |9 63550 |a Arxiu |b Arxiu |d 2022-08-29 |l 0 |o PDL |p 26540 |r 2022-08-29 00:00:00 |w 2022-08-29 |y ARXIU | ||
| 952 | |0 0 |1 0 |4 0 |6 PDL |7 1 |9 63595 |a Arxiu |b Arxiu |d 2022-08-30 |l 0 |o PDL |p 26585 |r 2022-08-30 00:00:00 |w 2022-08-30 |y ARXIU | ||
| 952 | |0 0 |1 0 |4 0 |6 PDL |7 1 |9 63680 |a Arxiu |b Arxiu |d 2022-08-31 |l 0 |o PDL |p 26514 |r 2022-08-31 00:00:00 |w 2022-08-31 |y ARXIU | ||
| 999 | |c 53799 |d 53799 | ||